Experimenta typografica 11
Uloženo v:
| Médium: | Kniha |
|---|---|
| Jazyk: | němčina |
| Vydáno: |
Colonia
Galerie der Spiegel
1970
|
| Témata: | |
| Tagy: |
Přidat tag
Žádné tagy, Buďte první, kdo vytvoří štítek k tomuto záznamu!
|
MARC
| LEADER | 00000nam a2200000 a 4500 | ||
|---|---|---|---|
| 001 | UCV8964 | ||
| 003 | CL-VaPUC | ||
| 008 | 920324e19700000GW |||||||||||||||||ger|d | ||
| 082 | 0 | 4 | |a 686.225 |b EXP |2 21 |
| 245 | 1 | 0 | |a Experimenta typografica 11 |
| 300 | |a 60 p | ||
| 942 | |c BK | ||
| 945 | |d 19920324 00:00:00 | ||
| 260 | |a Colonia |b Galerie der Spiegel |c 1970 | ||
| 650 | 7 | |a COMPOSICION TIPOGRAFICA |2 CL-VaPUC |9 266378 | |
| 583 | |a last modification |c 20120523 11:58:10 |k Rodrigo Vera | ||
| 999 | |c 214369 |d 214367 | ||
| 952 | |0 0 |1 0 |4 0 |6 686_225000000000000_EXP_1970 |7 0 |8 A |9 197663 |a BIBARQ |b BIBARQ |d 2019-11-14 |i 2653338 |o 686.225 EXP 1970 |p 2653338 |r 2025-01-20 |w 2019-11-14 |y BK |k ARQ | ||